000 00562nam a2200193 i 4500
001 81722
003 ES-MaACL
005 20250727033922.0
007 t|
008 041105s1964 sp ||||1| spa d
100 1 _aHyde, Douglas.
_964876
245 1 0 _aLecciones que hemos de aprender de la experiencia comunista /
_cDouglas Hyde.
260 _aMadrid :
_bFomento Social,
_c[1964]
300 _a48 p. ;
_c19 cm.
650 7 _aComunismo
_2embne
_911211
710 2 _aFomento Social (Madrid)
_9171603
852 _aES-MaACL
_j2040-F-5
999 _c81722
_d81722